[Event "Turkey Cup 2019"]
[Site "Belek"]
[Date "2019.01.31"]
[Round "7.16"]
[White "Yeke, Serkan"]
[Black "Ozsakallioglu, Akin"]
[Result "1-0"]
[WhiteElo "2117"]
[BlackElo "1957"]
[Annotator "NA"]
[PlyCount "53"]
[EventDate "2019.01.27"]
[EventType "swiss"]
[EventCountry "TUR"]
[SourceTitle "playchess.com"]
[Source "ChessBase"]
[SourceQuality "1"]

1. Nf3 Nf6 2. c4 g6 3. Nc3 Bg7 4. e4 d6 5. d4 Bg4 6. Be2 Nfd7 7. Ng1 Bxe2 8. Ngxe2 c5 9. Be3 Nc6 10. d5 Nce5 11. b3 Qa5 12. Qc2 e6 13. O-O Ng4 14. Bd2 e5 15. a3 a6 16. f3 Nh6 17. a4 Qc7 18. a5 Ng8 19. Na4 Ne7 20. Rab1 O-O 21. b4 cxb4 22. Rxb4 Rfc8 23. Rfb1 Qxa5 24. Rb6 Rxc4 25. Qxc4 Qxd2 26. Rxb7 Rc8 27. Qxa6 1-0

[Event "Turkey Cup 2019"]
[Site "Belek"]
[Date "2019.01.31"]
[Round "7.17"]
[White "Caner, Resul"]
[Black "Ererdem, Gani Eren"]
[Result "1/2-1/2"]
[WhiteElo "1884"]
[BlackElo "2137"]
[Annotator "NA"]
[PlyCount "58"]
[EventDate "2019.01.27"]
[EventType "swiss"]
[EventCountry "TUR"]
[SourceTitle "playchess.com"]
[Source "ChessBase"]
[SourceQuality "1"]

1. e4 d6 2. d4 Nf6 3. Nc3 e5 4. Nf3 Nbd7 5. Bc4 Be7 6. O-O O-O 7. h3 c6 8. a4 a5 9. Be3 exd4 10. Bxd4 Qc7 11. Qe2 Ne5 12. Nxe5 dxe5 13. Be3 Nd7 14. Rad1 Nc5 15. Ba2 Ne6 16. Qf3 b6 17. Qg3 Nf4 18. Bxf4 exf4 19. Qf3 Qe5 20. Bb3 Ba6 21. Rfe1 Rad8 22. Rxd8 Rxd8 23. Rd1 Rxd1+ 24. Qxd1 Bc8 25. Qd3 Qc5 26. Qf3 Bd6 27. Ne2 Qe5 28. g3 Qxb2 29. gxf4 Qf6 1/2-1/2

[Event "Turkey Cup 2019"]
[Site "Belek"]
[Date "2019.01.31"]
[Round "7.18"]
[White "Karaoglan, Doruk"]
[Black "Makaraci, Tunahan"]
[Result "1/2-1/2"]
[WhiteElo "2142"]
[BlackElo "1915"]
[Annotator "NA"]
[PlyCount "54"]
[EventDate "2019.01.27"]
[EventType "swiss"]
[EventCountry "TUR"]
[SourceTitle "playchess.com"]
[Source "ChessBase"]
[SourceQuality "1"]

1. e4 Nf6 2. e5 Nd5 3. d4 d6 4. Nf3 Bg4 5. Be2 e6 6. h3 Bh5 7. O-O Be7 8. c4 Nb6 9. Nc3 O-O 10. Be3 a5 11. d5 Bxf3 12. Bxf3 Nxc4 13. dxe6 fxe6 14. Qb3 d5 15. Qxb7 Nxe3 16. fxe3 Ra6 17. Na4 Bg5 18. Rfe1 Rc6 19. b3 Bh4 20. Rf1 Bg3 21. Rac1 Rxc1 22. Rxc1 Bxe5 23. Nc5 Qg5 24. Kf2 d4 25. Qe4 dxe3+ 26. Ke2 Rd8 27. Nd3 Bd6 1/2-1/2

[Event "Turkey Cup 2019"]
[Site "Belek"]
[Date "2019.01.31"]
[Round "7.19"]
[White "Karakurt, Fahri"]
[Black "Karadeniz, Ali Emre"]
[Result "1/2-1/2"]
[WhiteElo "1914"]
[BlackElo "2257"]
[Annotator "NA"]
[PlyCount "92"]
[EventDate "2019.01.27"]
[EventType "swiss"]
[EventCountry "TUR"]
[SourceTitle "playchess.com"]
[Source "ChessBase"]
[SourceQuality "1"]

1. d4 f5 2. Bg5 g6 3. Nc3 d5 4. e3 Bg7 5. h4 c6 6. Bd3 Be6 7. Qf3 Nd7 8. h5 Qb6 9. O-O-O O-O-O 10. hxg6 hxg6 11. Rxh8 Bxh8 12. Nge2 Ngf6 13. a3 Bf7 14. Qg3 Re8 15. f4 Bg7 16. Rh1 Rh8 17. Rxh8+ Bxh8 18. Qh3 Qd8 19. Ng1 Kc7 20. Kd2 b5 21. Nf3 Ne4+ 22. Bxe4 dxe4 23. Nh2 Nb6 24. Bxe7 Qxe7 25. Qxh8 Nc4+ 26. Kc1 Nxe3 27. Qa8 Kd6 28. Qb8+ Qc7 29. Qxc7+ Kxc7 30. g3 a5 31. b3 b4 32. axb4 axb4 33. Na2 Nd5 34. Kd2 Kb6 35. Nf1 c5 36. dxc5+ Kxc5 37. Ne3 Nf6 38. Nc1 Be8 39. Na2 Nh5 40. g4 fxg4 41. Nxg4 Nxf4 42. Ke3 g5 43. Nf6 Bg6 44. Nxe4+ Bxe4 45. Kxe4 Ne6 46. Kf5 Nd4+ 1/2-1/2

[Event "Turkey Cup 2019"]
[Site "Belek"]
[Date "2019.01.31"]
[Round "7.20"]
[White "Degirmenci, Yagiz"]
[Black "Metin, Mehmet"]
[Result "1-0"]
[WhiteElo "1872"]
[BlackElo "2197"]
[Annotator "NA"]
[PlyCount "113"]
[EventDate "2019.01.27"]
[EventType "swiss"]
[EventCountry "TUR"]
[SourceTitle "playchess.com"]
[Source "ChessBase"]
[SourceQuality "1"]

1. d4 Nf6 2. Nf3 d5 3. e3 Bf5 4. c4 c6 5. Nc3 e6 6. Be2 h6 7. O-O Nbd7 8. b3 Be7 9. Bb2 O-O 10. Nh4 Bh7 11. f4 Ne4 12. Nf3 Ndf6 13. Nxe4 Nxe4 14. Nd2 c5 15. Nxe4 Bxe4 16. Bd3 Bxd3 17. Qxd3 Rc8 18. cxd5 Qxd5 19. e4 Qd6 20. d5 exd5 21. exd5 Rcd8 22. Rad1 Bf6 23. Bxf6 Qxf6 24. Qc4 b6 25. Rf2 Rd6 26. g3 Rfd8 27. Qe4 R6d7 28. Re2 Qc3 29. Kg2 Qa5 30. d6 Qc3 31. Qc6 Kh7 32. Qe4+ Kg8 33. Qc6 Qf6 34. Red2 Qe6 35. Qd5 Re8 36. Qxe6 Rxe6 37. Kf3 Kf8 38. f5 Re5 39. Kf4 f6 40. g4 Kf7 41. h4 Re8 42. g5 hxg5+ 43. hxg5 fxg5+ 44. Kxg5 Re4 45. Rd3 a5 46. R1d2 Kf8 47. Rh3 Rd4 48. Re2 R7xd6 49. Rh8+ Kf7 50. Ree8 g6 51. Rhf8+ Kg7 52. Rg8+ Kf7 53. Rgf8+ Kg7 54. f6+ Rxf6 55. Rg8+ Kf7 56. Ref8+ Ke7 57. Rxf6 1-0

[Event "Turkey Cup 2019"]
[Site "Belek"]
[Date "2019.01.31"]
[Round "7.21"]
[White "Eldemir, Goksu"]
[Black "Isik, Alparslan"]
[Result "0-1"]
[WhiteElo "1876"]
[BlackElo "2244"]
[Annotator "NA"]
[PlyCount "46"]
[EventDate "2019.01.27"]
[EventType "swiss"]
[EventCountry "TUR"]
[SourceTitle "playchess.com"]
[Source "ChessBase"]
[SourceQuality "1"]

1. e4 c5 2. Nf3 g6 3. c3 Bg7 4. d4 cxd4 5. cxd4 d5 6. e5 Bg4 7. Be2 Nc6 8. Nc3 Nh6 9. h3 Bxf3 10. Bxf3 e6 11. Be3 Nf5 12. O-O f6 13. exf6 Qxf6 14. Qb3 Ncxd4 15. Qxb7 Nxf3+ 16. gxf3 O-O 17. Nxd5 exd5 18. Qxd5+ Kh8 19. Rab1 Rae8 20. Rfe1 Re5 21. Qb7 Nxe3 22. Rxe3 Qg5+ 23. Kh1 Qf5 0-1

[Event "Turkey Cup 2019"]
[Site "Belek"]
[Date "2019.01.31"]
[Round "7.22"]
[White "Guven, Oguz Kagan"]
[Black "Oztekin, Kerem Can"]
[Result "1-0"]
[WhiteElo "2087"]
[BlackElo "1940"]
[Annotator "NA"]
[PlyCount "107"]
[EventDate "2019.01.27"]
[EventType "swiss"]
[EventCountry "TUR"]
[SourceTitle "playchess.com"]
[Source "ChessBase"]
[SourceQuality "1"]

1. d4 Nf6 2. Nf3 g6 3. c4 c5 4. d5 d6 5. Nc3 Bg7 6. h3 O-O 7. Bf4 Ne8 8. e4 e5 9. dxe6 Bxe6 10. Be2 Nc6 11. O-O Na5 12. Qa4 f5 13. e5 dxe5 14. Bxe5 Nc6 15. Rad1 Qa5 16. Qxa5 Nxa5 17. Bxg7 Nxg7 18. Ne5 Rfd8 19. Nd5 Ne8 20. Bf3 Rab8 21. b3 Kg7 22. Rfe1 Bxd5 23. Bxd5 Nf6 24. Bf3 Rd4 25. Nd3 b6 26. Re7+ Kh6 27. Ne5 Rxd1+ 28. Bxd1 Rb7 29. Re6 Ne4 30. Bc2 Nc3 31. Kf1 Nxa2 32. f4 Kg7 33. g4 Nb4 34. Bd1 fxg4 35. hxg4 Rc7 36. f5 Nac6 37. f6+ Kf8 38. g5 Nxe5 39. Rxe5 Kf7 40. Bg4 Nc6 41. Be6+ Ke8 42. Re3 Nd4 43. Bd5+ Kf8 44. Kg2 a6 45. Kh3 b5 46. Kg4 b4 47. Kf4 a5 48. Ke5 Ra7 49. Rh3 Nxb3 50. Rxb3 a4 51. Rd3 a3 52. Bc6 Rd7 53. Rxd7 a2 54. Rd8+ 1-0

[Event "Turkey Cup 2019"]
[Site "Belek"]
[Date "2019.01.31"]
[Round "7.23"]
[White "Sade, Defne"]
[Black "Yelligedik, Murat"]
[Result "1-0"]
[WhiteElo "1952"]
[BlackElo "2055"]
[Annotator "NA"]
[PlyCount "53"]
[EventDate "2019.01.27"]
[EventType "swiss"]
[EventCountry "TUR"]
[SourceTitle "playchess.com"]
[Source "ChessBase"]
[SourceQuality "1"]

1. e4 c5 2. Nf3 Nc6 3. d4 cxd4 4. Nxd4 g6 5. Nc3 Bg7 6. Be3 Nf6 7. Bc4 d6 8. h3 O-O 9. Bb3 Bd7 10. O-O Rc8 11. Re1 a6 12. Kh1 Na5 13. Qd3 b5 14. Rad1 Nc4 15. Bc1 Rc5 16. f4 Qc7 17. Qf3 e6 18. g4 Bc8 19. f5 exf5 20. gxf5 Bb7 21. Bxc4 bxc4 22. Bf4 Nxe4 23. Nxe4 gxf5 24. Qg3 Bxe4+ 25. Rxe4 Qb7 26. Rg1 Qxe4+ 27. Nf3 1-0

[Event "Turkey Cup 2019"]
[Site "Belek"]
[Date "2019.01.31"]
[Round "7.24"]
[White "Caglar, Ahmet Ata"]
[Black "Akbas, Umut Ata"]
[Result "1-0"]
[WhiteElo "2093"]
[BlackElo "1939"]
[Annotator "NA"]
[PlyCount "59"]
[EventDate "2019.01.27"]
[EventType "swiss"]
[EventCountry "TUR"]
[SourceTitle "playchess.com"]
[Source "ChessBase"]
[SourceQuality "1"]

1. Nf3 Nf6 2. c4 g6 3. d4 Bg7 4. g3 O-O 5. Bg2 d6 6. O-O c6 7. Nc3 Qa5 8. e4 Bg4 9. h3 Bxf3 10. Bxf3 Nfd7 11. Be3 Qb4 12. Qb3 Qxb3 13. axb3 Na6 14. Rfd1 Nb4 15. Rd2 Rfd8 16. Ra4 Na6 17. Bg4 h5 18. Bxd7 Rxd7 19. b4 Rdd8 20. Rd1 Nc7 21. d5 cxd5 22. exd5 a6 23. Bb6 Rdc8 24. c5 Nb5 25. Nxb5 axb5 26. Rxa8 Rxa8 27. c6 Bxb2 28. Rd2 Bf6 29. Ra2 Rb8 30. Bc7 1-0

[Event "Turkey Cup 2019"]
[Site "Belek"]
[Date "2019.01.31"]
[Round "7.25"]
[White "Yigit, Ahmet Yasir"]
[Black "Kilic, Cihan"]
[Result "1/2-1/2"]
[WhiteElo "2032"]
[BlackElo "1886"]
[Annotator "NA"]
[PlyCount "60"]
[EventDate "2019.01.27"]
[EventType "swiss"]
[EventCountry "TUR"]
[SourceTitle "playchess.com"]
[Source "ChessBase"]
[SourceQuality "1"]

1. Nf3 Nf6 2. g3 b6 3. Bg2 Bb7 4. O-O g6 5. d4 Bg7 6. c4 O-O 7. Nc3 Ne4 8. Nxe4 Bxe4 9. Re1 d5 10. Qb3 Nc6 11. cxd5 Na5 12. Qa4 Qxd5 13. Bf4 Rac8 14. Rac1 g5 15. Bxg5 Bxf3 16. Bxf3 Qxg5 17. b4 Bxd4 18. bxa5 c5 19. axb6 axb6 20. Rb1 Qf6 21. Rec1 Rb8 22. Kg2 Rfd8 23. Rb5 Bc3 24. Qb3 Be5 25. Rb1 Bc7 26. a4 Qd4 27. Qc2 Qd6 28. Qe4 e5 29. Qg4+ Qg6 30. Qxg6+ hxg6 1/2-1/2

[Event "Turkey Cup 2019"]
[Site "Belek"]
[Date "2019.01.31"]
[Round "7.26"]
[White "Pektas, Yigit"]
[Black "Gonullu, Muhammed Sinan"]
[Result "1-0"]
[WhiteElo "2019"]
[BlackElo "1815"]
[Annotator "NA"]
[PlyCount "71"]
[EventDate "2019.01.27"]
[EventType "swiss"]
[EventCountry "TUR"]
[SourceTitle "playchess.com"]
[Source "ChessBase"]
[SourceQuality "1"]

1. d4 Nf6 2. Bg5 c5 3. Nc3 cxd4 4. Qxd4 Nc6 5. Qh4 d6 6. O-O-O h6 7. e4 Qa5 8. Bxf6 gxf6 9. f4 Rg8 10. f5 a6 11. Nf3 b5 12. Kb1 Bb7 13. Nd5 Ne5 14. Nxe5 Bxd5 15. Rxd5 fxe5 16. Rd1 Rc8 17. Qf2 Qc7 18. Bd3 Bg7 19. Qe2 Qb6 20. g4 Kd8 21. h4 f6 22. Rhg1 Kc7 23. c4 b4 24. c5 dxc5 25. Bxa6 Rcd8 26. Bc4 Rgf8 27. Bd5 Kb8 28. Rc1 Rc8 29. Rc4 Rc7 30. Qc2 b3 31. axb3 h5 32. gxh5 Bh6 33. Ra4 Ra7 34. Qc4 Rxa4 35. Qxa4 c4 36. Rg3 1-0

[Event "Turkey Cup 2019"]
[Site "Belek"]
[Date "2019.01.31"]
[Round "7.27"]
[White "Buker, Muhittin"]
[Black "Peker, Serdar"]
[Result "1-0"]
[WhiteElo "1978"]
[BlackElo "1830"]
[Annotator "NA"]
[PlyCount "81"]
[EventDate "2019.01.27"]
[EventType "swiss"]
[EventCountry "TUR"]
[SourceTitle "playchess.com"]
[Source "ChessBase"]
[SourceQuality "1"]

1. d4 Nf6 2. c4 g6 3. Nc3 d5 4. e3 Bg7 5. Nf3 O-O 6. cxd5 Nxd5 7. Bc4 e6 8. Qb3 Nb6 9. Be2 a5 10. a4 Nc6 11. O-O Qe7 12. Rd1 Nb4 13. e4 h6 14. Be3 Nd7 15. Rac1 c6 16. Bf1 Kh7 17. d5 exd5 18. exd5 c5 19. d6 Qd8 20. Bc4 Kg8 21. Nd5 Nxd5 22. Bxd5 Ra6 23. Bc4 Rb6 24. Bb5 Qf6 25. Qd5 Rxb5 26. axb5 b6 27. b3 Re8 28. Qc6 Qe6 29. Re1 Qxb3 30. Bxc5 Rf8 31. Bxb6 a4 32. Bd4 Bxd4 33. Nxd4 Qb2 34. Qc3 Qa2 35. Nc6 Bb7 36. Ra1 Qb3 37. Qxb3 axb3 38. Ra7 Ra8 39. Rxa8+ Bxa8 40. Rb1 Nc5 41. Rxb3 1-0

[Event "Turkey Cup 2019"]
[Site "Belek"]
[Date "2019.01.31"]
[Round "7.28"]
[White "Zekeriyaoglu, Ersen"]
[Black "Sakalli, Mustafa"]
[Result "1-0"]
[WhiteElo "1759"]
[BlackElo "1955"]
[Annotator "NA"]
[PlyCount "221"]
[EventDate "2019.01.27"]
[EventType "swiss"]
[EventCountry "TUR"]
[SourceTitle "playchess.com"]
[Source "ChessBase"]
[SourceQuality "1"]

1. Nf3 d5 2. d4 c6 3. c4 Nf6 4. Nc3 g6 5. Bg5 dxc4 6. e3 Be6 7. Be2 Nbd7 8. a4 a5 9. O-O Bg7 10. e4 h6 11. d5 cxd5 12. exd5 Nxd5 13. Nxd5 hxg5 14. Bxc4 g4 15. Ng5 Ne5 16. Nxe6 fxe6 17. Bb5+ Kf7 18. Ne3 Qc7 19. f4 gxf3 20. gxf3 Rxh2 21. f4 Rxb2 22. fxe5+ Kg8 23. Nc4 Qc5+ 24. Kh1 Rxb5 25. axb5 Qxc4 26. Ra4 Qxb5 27. Rd4 Qc6+ 28. Kg1 Qb6 29. Kg2 Bxe5 30. Rg4 Qc6+ 31. Kh3 Bg7 32. Rxg6 Qc3+ 33. Rf3 Qe5 34. Rfg3 Kf7 35. Rxg7+ Qxg7 36. Qh5+ Kg8 37. Rxg7+ Kxg7 38. Qg4+ Kf7 39. Qf3+ Ke8 40. Qxb7 Rd8 41. Qb5+ Kf7 42. Qxa5 Rd5 43. Qc3 Rf5 44. Kg4 Rd5 45. Qh8 Rf5 46. Qh7+ Kf8 47. Qg6 Rf6 48. Qe4 Kf7 49. Kg5 Ke8 50. Qc6+ Kf8 51. Qc8+ Kf7 52. Qd8 Rg6+ 53. Kf4 Rf6+ 54. Ke5 Rf5+ 55. Ke4 Rd5 56. Qh8 Rf5 57. Qh7+ Kf8 58. Kd4 Rd5+ 59. Kc4 Rf5 60. Qg6 Rf6 61. Qe4 Kf7 62. Kc5 Rf5+ 63. Kc6 Rd5 64. Qh7+ Kf6 65. Qg8 Kf5 66. Qf7+ Ke5 67. Qxe7 Kf5 68. Qf7+ Ke5 69. Qf3 Rd6+ 70. Kc7 Rd5 71. Qe3+ Kf5 72. Kc6 Kf6 73. Qf4+ Ke7 74. Qh6 Rd6+ 75. Kc5 Rd5+ 76. Kc4 Rf5 77. Qg7+ Kd6 78. Kd4 Rd5+ 79. Ke4 Rf5 80. Qa7 Rd5 81. Qb6+ Kd7 82. Qb7+ Kd6 83. Qc8 Ke7 84. Ke3 Rf5 85. Qc7+ Kf6 86. Ke4 Rd5 87. Qh7 Re5+ 88. Kd4 Rd5+ 89. Kc4 Rf5 90. Qh6+ Kf7 91. Kd4 Rd5+ 92. Ke4 Rf5 93. Qh7+ Kf6 94. Qh8+ Kf7 95. Qd8 Rd5 96. Qc7+ Kf6 97. Qf4+ Rf5 98. Qd6 Kf7 99. Qg3 Rd5 100. Qb8 Rf5 101. Qc7+ Kf6 102. Qd6 Kf7 103. Qd7+ Kf6 104. Ke3 Rd5 105. Qe8 Re5+ 106. Kd4 Rd5+ 107. Kc4 Ke5 108. Qe7 Kf5 109. Qg7 Re5 110. Qf7+ Ke4 111. Qf6 1-0

[Event "Turkey Cup 2019"]
[Site "Belek"]
[Date "2019.01.31"]
[Round "7.29"]
[White "Baylav, Bartu"]
[Black "Kocak, Can"]
[Result "0-1"]
[WhiteElo "1784"]
[BlackElo "1994"]
[Annotator "NA"]
[PlyCount "60"]
[EventDate "2019.01.27"]
[EventType "swiss"]
[EventCountry "TUR"]
[SourceTitle "playchess.com"]
[Source "ChessBase"]
[SourceQuality "1"]

1. d4 d6 2. Nc3 g6 3. f3 Nf6 4. Bg5 Bg7 5. Qd2 h6 6. Be3 Nc6 7. O-O-O e5 8. d5 Ne7 9. Bf2 a6 10. e4 b5 11. h4 Nd7 12. g4 Nb6 13. Nh3 Bd7 14. g5 Qb8 15. Be3 h5 16. Nf2 b4 17. Nb1 a5 18. f4 exf4 19. Bd4 Be5 20. Bh3 Bb5 21. Bxb6 Qxb6 22. Nd3 Bd4 23. Qe2 a4 24. Nd2 b3 25. axb3 axb3 26. Nxb3 Be3+ 27. Kb1 Qa7 28. c3 Qa2+ 29. Kc2 Ba4 30. Bd7+ Kxd7 0-1

[Event "Turkey Cup 2019"]
[Site "Belek"]
[Date "2019.01.31"]
[Round "7.30"]
[White "Gozubuyukoglu, Selami"]
[Black "Baltaci, Ismail Tarik"]
[Result "1/2-1/2"]
[WhiteElo "1821"]
[BlackElo "2014"]
[Annotator "NA"]
[PlyCount "90"]
[EventDate "2019.01.27"]
[EventType "swiss"]
[EventCountry "TUR"]
[SourceTitle "playchess.com"]
[Source "ChessBase"]
[SourceQuality "1"]

1. e4 c5 2. Nf3 d6 3. d4 cxd4 4. Nxd4 Nf6 5. Nc3 a6 6. Be3 e5 7. Nb3 Be7 8. f3 Be6 9. Qd2 O-O 10. O-O-O Nbd7 11. g4 b5 12. h4 Nb6 13. g5 Nh5 14. Na5 Rc8 15. Nd5 Bxd5 16. exd5 Nxd5 17. Qxd5 Qxa5 18. Bh3 Rc4 19. Kb1 Qc7 20. Bg4 Nf4 21. Bxf4 Rxf4 22. Rhg1 Rd8 23. Rge1 Rc4 24. Re2 Qc5 25. Qb7 Bf8 26. Red2 Qc6 27. Qa7 d5 28. Qe3 g6 29. Qxe5 Bg7 30. Qe7 Rd6 31. Re2 Bf8 32. Qe3 a5 33. Red2 a4 34. Qa7 b4 35. b3 axb3 36. axb3 Rc5 37. Rd4 Rxc2 38. Rf4 f5 39. gxf6 Qc3 40. f7+ Kh8 41. Qd4+ Qxd4 42. Rfxd4 Rc7 43. Rxd5 Rxd5 44. Rxd5 Rxf7 45. h5 gxh5 1/2-1/2

[Event "Turkey Cup 2019"]
[Site "Belek"]
[Date "2019.01.31"]
[Round "7.31"]
[White "Yasin, Hur"]
[Black "Gundogan, Sinem Cagla"]
[Result "0-1"]
[WhiteElo "2004"]
[BlackElo "1860"]
[Annotator "NA"]
[PlyCount "76"]
[EventDate "2019.01.27"]
[EventType "swiss"]
[EventCountry "TUR"]
[SourceTitle "playchess.com"]
[Source "ChessBase"]
[SourceQuality "1"]

1. e4 e5 2. Nf3 Nc6 3. Bb5 Nge7 4. d4 exd4 5. c3 dxc3 6. Nxc3 Ng6 7. O-O Be7 8. Nd5 O-O 9. Be3 a6 10. Ba4 b5 11. Bb3 Na5 12. Rc1 Nxb3 13. Rxc7 Bd6 14. Rc3 Nc5 15. Bxc5 Bxc5 16. Rxc5 d6 17. Rc3 Bb7 18. Qd4 Rc8 19. Rfc1 Rxc3 20. Rxc3 Re8 21. Kf1 Ne5 22. Nd2 Nc6 23. Qe3 b4 24. Rc1 a5 25. f4 f5 26. Qd3 Qh4 27. exf5 Qxh2 28. Nf3 Qh1+ 29. Ng1 Qh5 30. Nc7 Re7 31. Nb5 Qh2 32. Qc4+ Kf8 33. Nf3 d5 34. Qxd5 Qh1+ 35. Ng1 Nd4 36. Nd6 Ne2 37. Kf2 Qh4+ 38. Kf1 Ng3+ 0-1

[Event "Turkey Cup 2019"]
[Site "Belek"]
[Date "2019.01.31"]
[Round "7.33"]
[White "Kocyigit, Buse Naz"]
[Black "Yuksel, Davut Can"]
[Result "1/2-1/2"]
[WhiteElo "2043"]
[BlackElo "1836"]
[Annotator "NA"]
[PlyCount "91"]
[EventDate "2019.01.27"]
[EventType "swiss"]
[EventCountry "TUR"]
[SourceTitle "playchess.com"]
[Source "ChessBase"]
[SourceQuality "1"]

1. d4 Nf6 2. Bg5 Ne4 3. Bf4 c5 4. f3 Qa5+ 5. c3 Nf6 6. d5 Qb6 7. Bc1 d6 8. e4 g6 9. Nd2 Bg7 10. Nc4 Qc7 11. a4 Nbd7 12. Nh3 b6 13. Be2 a6 14. O-O Rb8 15. Na3 O-O 16. Nf2 Ne8 17. f4 Qd8 18. Ng4 Ndf6 19. Nxf6+ Bxf6 20. Nc4 b5 21. axb5 axb5 22. Na5 Bd7 23. Bg4 e6 24. dxe6 fxe6 25. e5 dxe5 26. fxe5 Bxe5 27. Rxf8+ Kxf8 28. Qf3+ Kg7 29. Nc6 Bxc6 30. Qxc6 Qh4 31. Ra7+ Kh8 32. Qe4 Qxh2+ 33. Kf1 Nf6 34. Qe2 Nxg4 35. Qxg4 Qh1+ 36. Ke2 Qxc1 37. Qxe6 Qxb2+ 38. Kf1 Qb1+ 39. Ke2 Qe4+ 40. Kd1 Rd8+ 41. Rd7 Rxd7+ 42. Qxd7 h6 43. Qe8+ Kh7 44. Qe7+ Kh8 45. Qf8+ Kh7 46. Qe7+ 1/2-1/2

[Event "Turkey Cup 2019"]
[Site "Belek"]
[Date "2019.01.31"]
[Round "7.34"]
[White "Kiraz, Yigit"]
[Black "Sahin, Handenur"]
[Result "0-1"]
[WhiteElo "1673"]
[BlackElo "1998"]
[Annotator "NA"]
[PlyCount "98"]
[EventDate "2019.01.27"]
[EventType "swiss"]
[EventCountry "TUR"]
[SourceTitle "playchess.com"]
[Source "ChessBase"]
[SourceQuality "1"]

1. Nf3 d5 2. c4 c6 3. g3 Nf6 4. Bg2 Bg4 5. Ne5 Be6 6. d4 Nbd7 7. cxd5 Bxd5 8. Nf3 e6 9. O-O Be7 10. Nc3 O-O 11. Qc2 Qb6 12. e4 Bc4 13. Rd1 Rfd8 14. Bf4 Bb4 15. b3 Bxc3 16. Qxc3 Be2 17. Re1 Nxe4 18. Qe3 Bxf3 19. Bxf3 Nef6 20. Qc3 Nf8 21. Be5 Nd5 22. Bxd5 Rxd5 23. Rad1 Ng6 24. Bf4 Nxf4 25. gxf4 Rad8 26. Qf3 Rxd4 27. f5 Rxd1 28. Rxd1 exf5 29. Rxd8+ Qxd8 30. Qe3 b6 31. Qc1 Qd5 32. Qf1 g6 33. Qa6 Qd7 34. Qe2 c5 35. Qe5 Qd8 36. Qc3 Qd4 37. Qc1 b5 38. Qa3 c4 39. bxc4 bxc4 40. Qa4 Kg7 41. Kg2 Qc5 42. Qc2 Qd5+ 43. Kg1 Qd3 44. Qb2+ c3 45. Qb8 Qd1+ 46. Kg2 Qd4 47. Qb3 a5 48. a4 Qb4 49. Qc2 Qe4+ 0-1

[Event "Turkey Cup 2019"]
[Site "Belek"]
[Date "2019.01.31"]
[Round "7.35"]
[White "Gallevci, Yagiz"]
[Black "Nazli, Sertan"]
[Result "1-0"]
[WhiteElo "2034"]
[BlackElo "1811"]
[Annotator "NA"]
[PlyCount "51"]
[EventDate "2019.01.27"]
[EventType "swiss"]
[EventCountry "TUR"]
[SourceTitle "playchess.com"]
[Source "ChessBase"]
[SourceQuality "1"]

1. d4 Nf6 2. Nf3 c5 3. c3 d5 4. e3 Nc6 5. dxc5 e6 6. b4 a5 7. Qb3 Be7 8. Be2 O-O 9. O-O axb4 10. cxb4 b6 11. cxb6 Qxb6 12. b5 Na5 13. Qd1 Ne4 14. Bb2 Nc5 15. Nbd2 Bd7 16. a4 Rfc8 17. Ne5 Be8 18. Nd3 Nd7 19. Nc1 f6 20. Ncb3 Bg6 21. Nxa5 Bc2 22. Nac4 dxc4 23. Qxc2 Rc7 24. Bc3 Ne5 25. Bxe5 fxe5 26. Nxc4 1-0

[Event "Turkey Cup 2019"]
[Site "Belek"]
[Date "2019.01.31"]
[Round "7.36"]
[White "Cilek, Bora"]
[Black "Ozcan, Kadir Kutay"]
[Result "1/2-1/2"]
[WhiteElo "1907"]
[BlackElo "1794"]
[Annotator "NA"]
[PlyCount "155"]
[EventDate "2019.01.27"]
[EventType "swiss"]
[EventCountry "TUR"]
[SourceTitle "playchess.com"]
[Source "ChessBase"]
[SourceQuality "1"]

1. d4 Nf6 2. Bf4 b6 3. Nf3 e6 4. e3 Ba6 5. Bxa6 Nxa6 6. Qe2 Nb8 7. e4 d5 8. Nbd2 Be7 9. O-O O-O 10. c4 dxe4 11. Nxe4 Nbd7 12. Nc3 c6 13. Rad1 Re8 14. Qc2 Qc8 15. Qb1 Nf8 16. Ne5 Ng6 17. Nxg6 hxg6 18. Rfe1 Bb4 19. Re3 Qa6 20. b3 Bxc3 21. Rxc3 Rad8 22. Bg5 Qa5 23. Rg3 Nh5 24. Bxd8 Nxg3 25. Bxb6 Ne2+ 26. Kf1 axb6 27. Kxe2 Qh5+ 28. Kf1 Qxh2 29. Qe4 Qd6 30. a4 f5 31. Qe5 Qa3 32. Qg3 Kf8 33. Re1 Qb4 34. Re3 b5 35. axb5 cxb5 36. Qc7 bxc4 37. bxc4 Qb1+ 38. Re1 Qd3+ 39. Kg1 Qxd4 40. c5 Re7 41. Qb6 Kf7 42. Rb1 Kf6 43. Qa5 Qe5 44. Re1 Qd5 45. Rb1 Qe5 46. Qb6 Qd4 47. Re1 g5 48. Qb8 Qc3 49. Re3 Qa1+ 50. Kh2 Qa7 51. Qd6 Kf7 52. g3 Qd7 53. Qa6 Qd2 54. Re2 Qd5 55. Qa3 Re8 56. f3 Rh8+ 57. Kg2 g4 58. Rf2 Qd1 59. Rf1 gxf3+ 60. Qxf3 Qxf3+ 61. Kxf3 Rc8 62. Rc1 Rc6 63. g4 Kf6 64. gxf5 exf5 65. Ke3 Ke5 66. Rg1 g6 67. Rc1 Kd5 68. Kf4 Rxc5 69. Rd1+ Ke6 70. Kg5 Rd5 71. Ra1 Rd4 72. Kxg6 Rg4+ 73. Kh5 Rg2 74. Ra6+ Ke5 75. Ra5+ Kf4 76. Ra4+ Kg3 77. Ra3+ Kh2 78. Rf3 1/2-1/2

[Event "Turkey Cup 2019"]
[Site "Belek"]
[Date "2019.01.31"]
[Round "7.37"]
[White "Camdereli, Gunduz"]
[Black "Kirali, Mehmet"]
[Result "1-0"]
[WhiteElo "1724"]
[BlackElo "1890"]
[Annotator "NA"]
[PlyCount "71"]
[EventDate "2019.01.27"]
[EventType "swiss"]
[EventCountry "TUR"]
[SourceTitle "playchess.com"]
[Source "ChessBase"]
[SourceQuality "1"]

1. e4 Nc6 2. Nf3 e5 3. Bb5 a6 4. Ba4 Nf6 5. O-O Be7 6. Re1 b5 7. Bb3 d6 8. c3 O-O 9. h3 Bb7 10. d4 h6 11. Nbd2 Re8 12. Nf1 Bf8 13. Ng3 Na5 14. Bc2 c5 15. d5 Nc4 16. b3 Nb6 17. Nf5 Qd7 18. g4 Kh7 19. g5 Ng8 20. gxh6 g6 21. Ng5+ Kh8 22. Nh4 Bxh6 23. Qf3 Kg7 24. Kh2 Bxg5 25. Bxg5 f6 26. Bd2 Ne7 27. Rg1 Rh8 28. Rg4 Rh7 29. Rag1 Rah8 30. Rxg6+ Nxg6 31. Rxg6+ Kf8 32. Qxf6+ Ke8 33. Nf5 Nc8 34. Rg7 Ne7 35. Rxe7+ Qxe7 36. Nxe7 1-0

[Event "Turkey Cup 2019"]
[Site "Belek"]
[Date "2019.01.31"]
[Round "7.38"]
[White "Demirag, Batuhan"]
[Black "Aslan, Dogukan"]
[Result "0-1"]
[WhiteElo "1906"]
[BlackElo "1709"]
[Annotator "NA"]
[PlyCount "50"]
[EventDate "2019.01.27"]
[EventType "swiss"]
[EventCountry "TUR"]
[SourceTitle "playchess.com"]
[Source "ChessBase"]
[SourceQuality "1"]

1. e4 c5 2. c3 g6 3. d4 cxd4 4. cxd4 d5 5. e5 Nh6 6. Nf3 Bg7 7. h3 O-O 8. Nc3 Nc6 9. Bb5 f6 10. Bxc6 bxc6 11. Be3 Nf7 12. exf6 exf6 13. O-O Nd6 14. Qa4 Qb6 15. Bf4 Ne4 16. Nxe4 dxe4 17. Nd2 f5 18. Nb3 Rd8 19. Rfd1 Be6 20. Nc5 Bd5 21. b3 a5 22. Qa3 Qb4 23. Qb2 Qxc5 24. Qd2 Qb4 25. Qe3 Bf7 0-1